000 00532nam a2200217Ia 4500
003 OSt
005 20221005122819.0
006 a|||||r|||| 00| 0
007 ta
008 221004b |||||||| |||| 00| 0 eng d
024 _a119189
037 _cTextual
040 _aCRL
_cCRL
_beng
041 _2eng
_aeng
100 _aVajir Manjeet Kaur
_9632655
245 0 _aKashmir de punjabi sahit nu den
260 _c1972
650 _aPUNJABI LITERATURE
942 _cTEXL
_2cc
999 _c1045466
_d1045466